Glee characters - Statistics

General Stats
  • This quiz has been taken 75 times
  • The average score is 52 of 85
Answer Stats
Hint Answer % Correct
Our quarterback Finn Hudson
98%
Cheerleading coach Sue Sylvester
98%
Kid in a wheelchair Artie Abrams
96%
Only gay kid at school Kurt Hummel
96%
Black singer with amazing voice Mercedes Jones
96%
Has his own pool cleaning business Noah "Puck" Puckerman
96%
Gets pregnant in season 1 Quinn Fabray
96%
Annoying jewish girl Rachel Berry
96%
Trouty mouth Sam Evans
96%
Lesbian latina Santana Lopez
96%
Asian number one Tina-Cohen Chang
96%
Boyfriend of #4 Blaine Anderson
94%
Asian number two Mike Chang
94%
Glee club teacher Will Schuester
94%
Dumb but excellent dancer Brittany S. Pierce
92%
Second wife of #3 Emma Pillsbury
92%
First wife of #3 Terri Schuester
91%
Father of #4 Burt Hummel
89%
Girl with down-syndrome Becky Jackson
87%
Season 4 top bitch Kitty Wilde
85%
Half brother of #12 Jake Puckerman
81%
Girl with fat mom Marley Rose
81%
Foreign exchange student from Ireland Rory Flanagan
81%
The sub Holly Holliday
77%
Dyslexic boy who has feelings for #32 Ryder Lynn
77%
Teen Jesus Joe Hart
75%
The principal Principal Figgins
75%
Coach of the Titans Shannon/Sheldon Beiste
75%
Boy who likes to wear dresses Wade "Unique" Adams
75%
Alcoholic who funds the Glee club April Rhoades
74%
Bullies #4 Dave Karofsky
74%
New coach of Vocal Adreneline Jesse St. James
74%
Dates #12 in season 2 Lauren Zizes
74%
Rich girl Sugar Motta
74%
Warblers captain with a smirk Sebastian Smythe
72%
Football coach in season 1 Ken Tanaka
70%
Mother of #2 Carole Hudson-Hummel
68%
Dance teacher at NYADA Cassandra July
68%
McKinley High reporter Jacob Ben Israel
68%
Mother of #1 Shelby Corcoran
68%
Sent to a crack house Sunshine Corazon
68%
Season 4 boyfriend of #1 Brody Weston
62%
Transfers schools after season 1 Matt Rutherford
60%
"I won this damm bronze olympic medal in Bejing, China" Roz Washington
60%
Piano player Brad
58%
Dentist Carl Howell
58%
Sister of #9 Jean Sylvester
57%
McCarthy twin Madison McCarthy
57%
Dates Santana in season 5 Dani
53%
Calls himself "Starchild" Elliot Gilbert
51%
Lead of Throat Explosion Jean Baptiste
51%
McCarthy twin Mason McCarthy
51%
"You can't tame the tiger" Rod Remington
51%
Drug dealer who used to coach the Glee club Sandy Ryerson
51%
Teen gay Spencer Porter
51%
Head of NYADA Carmen Tibideaux
47%
"Music is my only friend" Roderick Meeks
45%
"My dad was a Warbler, so was my uncle" Jane Hayward
43%
Played by Neil Patrick Harris Bryan Ryan
42%
Dyslexic Sheets n' Things worker Howard Bamboo
42%
"Aren't you too old to still be in High School?" Hunter Clarington
42%
"I SAID READ THE TORAH!" Myron Muskowitz
42%
Father of #10 Pierce Pierce
42%
Mother of #10 Whitney Pierce
42%
Cheerio who cheats with #33 Bree
38%
Father of #1 LeRoy Berry
38%
Dates Mercedes in season 3 Shane Tinsley
38%
Football recruiter Cooter Menkins
36%
Mother of #5 Maribel Lopez
36%
Head of Vogue.com Isabelle Wright
34%
Lead solo in NYADA's show choir Adam Crawford
32%
Boyfriend of #38 Alistair
32%
Abuela of #5 Alma Lopez
32%
Brother of #14 Cooper Anderson
32%
Part of the Warblers council David
32%
Teaches spanish at night David Martinez
32%
Season 2 coach of Vocal Adreneline Dustin Goolsby
30%
Mother of #9 Doris Sylvester
28%
Sister of #17 Kendra Giardi
25%
Lead Warbler in season 6 Skylar
25%
Best friend of #22 Azimio Adams
23%
Lead of Vocal Adreneline in season 6 Clint
23%
The superintendent Bob Harris
21%
Part of the Warblers council Wes
17%
Lead solo of The Hooserdaddies Frida Romero
15%
No matching quizzes found
Score Distribution
Percent of People with Each Score
Percentile by Number Answered
Your Score History
You have not taken this quiz